| 000 | 01310nam a2200397 i 4500 | ||
|---|---|---|---|
| 001 | 8957 | ||
| 003 | FISKH | ||
| 005 | 20251111111710.0 | ||
| 008 | 791023s1978 nyuaf j 001 0 eng | ||
| 010 | _a 78066167 | ||
| 020 | _a053109135X | ||
| 020 |
_a053109121X _qlib. bdg. |
||
| 035 | _a2739244 | ||
| 040 |
_aDLC _cDLC _dDLC _beng |
||
| 050 | 0 | 0 |
_aTN870.3 _b.R87 |
| 082 | 0 | 0 | _a622/.33/82 |
| 100 | 1 | _aRutland, Jonathan. | |
| 245 | 1 | 0 |
_aSee inside an oil rig and tanker / _cAuthor: Jonathan Rutland ; Illustrations : Doug Harker |
| 260 |
_aNew York : _bWarwick Press, _c1978. |
||
| 300 |
_a29 pages : _bcolor illustrations ; _c29 cm |
||
| 490 | 0 | _aSee inside | |
| 500 | _aIncludes index. | ||
| 520 | _aText and illustrations describe the physical layout, operations, and personnel of a drilling platform or oil rig, production platform, and oil tanker. | ||
| 650 | 0 |
_aDrilling platforms _xJuvenile literature. |
|
| 650 | 0 |
_aTankers _xJuvenile literature. |
|
| 650 | 0 |
_aPetroleum _xJuvenile literature. |
|
| 650 | 1 | _aDrilling platforms. | |
| 650 | 1 | _aTankers. | |
| 650 | 1 | _aShips. | |
| 650 | 1 | _aPetroleum. | |
| 700 | 1 |
_aTownsend, Anita. _eEditor |
|
| 700 | 1 |
_aHarker, Doug. _eillustrator |
|
| 906 |
_a7 _bcbc _corignew _d2 _eopcn _f19 _gy-gencatlg |
||
| 942 |
_2ddc _cBK _n0 |
||
| 999 |
_c8957 _d8957 |
||